000
00303nam a22001217a 4500
005
20200620110627.0
008
200620b xxu||||| |||| 00| 0 eng d
245
_a
JHARKHAND LAW JOURNAL REPORTS , 2019 [3]
260
_a
PATNA
_b
PLJR PUBLICATION
300
_a
680;p
650
_a
LAW
_9
5701
942
_c
JRL
999
_c
7361
_d
7359